000 nam a22 7a 4500
999 _c8495
_d8495
008 180117b ||||| |||| 00| 0 eng d
100 _aKhan.N.
_94888
245 _aModern English
260 _aNew Delhi
_bNCERT
_c2003